000 02361nam0a2200457 4500
001 RU\NLR\bibl\1795371
005 20260408204122.0
010 _a978-5-94103-387-4
_9550
021 _aRU
_b2011-51631
_93687
035 _a(nilc)RSL-KNO-004969196
035 _a(NLR Aleph) 001786058
090 _a1727836
_c1727836
100 _a20110711d2011 |||y0rusy50 ca
101 0 _arus
102 _aRU
105 _ay zzzz|||||
200 1 _aЭнергетическое право России и Германии: сравнительно-правовое исследование
_f[Андреев В.К. - засл. деят. науки РФ, проф., д.ю.н., Андреева Л.В. - проф., д.ю.н., Архипченко А.Ю. - магистр права и др.]
210 _aМосква
_cЮрист
_d2011
215 _a1075 с.
_cил., табл.
_d24
225 1 _aЭнергетика и право
_vвып. 3 (2010)
_vвып. 4 (2011)
300 _aПер. изд.: Handbuch zum deutsch-russischen Energierecht / Franz Jürgen Säcker. Munchen, 2010
300 _aНа колонтит. и обл. авт.: П.Г. Лахно, Ф.Ю. Зеккер
320 _aБиблиогр. в подстроч. примеч. и в тексте
454 0 _12001#$aHandbuch zum deutsch-russischen Energierecht$fFranz Jürgen Säcker
_1700#1$aSäcker$bF. J.$gFranz Jürgen$4070
_1210##$aMunchen$d2010
_tHandbuch zum deutsch-russischen Energierecht
_aSäcker, Franz Jürgen
606 _aЭнергетика
_xПравовое регулирование
_3RU\NLR\auth\661560860
_92624300
610 0 _aэнергетическое право
686 _aХ621.142,07
_2rubbk
686 _aХ819(4Ф)122,07
_2rubbk
686 _aХ621.142
686 _aХ819(4Гер)120.15
686 _aХ99
701 1 _4070
_8rus
_7ca
_aАндреев
_bВ. К.
_cд-р юрид. наук
_f1939-
_gВладимир Константинович
_3RU\NLR\auth\7751381
_934315
701 1 _4070
_8rus
_7ca
_aАндреева
_bЛ. В.
_cд-р юрид. наук
_gЛюбовь Васильевна
_3RU\NLR\auth\7740254
_923206
701 1 _aАрхипченко
_bА. Ю.
_4070
801 0 _aRU
_bRuMoRKP
_c20110711
_grcr
801 1 _aRU
_bRuMoRGB
_c20110711
801 2 _aRU
_bNLR
_c20110804
_grcr
942 _cBOOK
980 _aNB
980 _aNBR